000 00318nam a22001337a 4500
005 20170916112153.0
008 170916b xxu||||| |||| 00| 0 eng d
020 _a978-93-5027-134-6
041 _aeng
082 _a530
100 _aMATHUR, S.B. AND KUMAR, A
_93926
245 _aCORE PHYSICS FOR CLASS 12
942 _cBK
999 _c5569
_d5567